Movies By 1 Actor and 1 Actress - Statistics

General Stats
  • This quiz has been taken 93 times
  • The average score is 14 of 26
Answer Stats
Cast Movie % Correct
Tobey Maguire, Kirsten Dunst Spider-Man
85%
Sylvester Stallone, Talia Shire Rocky
84%
Arnold Schwarzenegger, Linda Hamilton The Terminator
80%
John Travolta, Uma Thurman Pulp Fiction
78%
Jodie Foster, Anthony Hopkins The Silence of the Lambs
78%
Al Pacino, Diane Keaton The Godfather
72%
Jim Carrey, Cameron Diaz The Mask
70%
Chris Pratt, Zoe Saldana Guardians of the Galaxy
67%
Sam Neill, Laura Dern Jurassic Park
67%
Humphrey Bogart, Ingrid Bergman Casablanca
62%
Sigourney Weaver, Harry Dean Stanton Alien
61%
Joaquin Phoenix, Zazie Beetz Joker
61%
Jesse Eisenberg, Rooney Mara The Social Network
55%
William H. Macy, Frances McDormand Fargo
54%
Hugh Jackman, Halle Berry X-Men
52%
James Caan, Kathy Bates Misery
51%
Christian Bale, Katie Holmes Batman Begins
50%
Jack Nicholson, Louise Fletcher One Flew Over the Cuckoo's Nest
50%
Jeff Goldblum, Geena Davis The Fly
48%
Jeff Bridges, Julianne Moore The Big Lebowski
39%
Leonardo DiCaprio, Cate Blanchett The Aviator
38%
Jamie Foxx, Kerry Washington Django Unchained
37%
Anthony Perkins, Jessica Lange Psycho
34%
Frances McDormand, Woody Harrelson Three Billboards Outside Ebbing, Missouri
28%
Pam Grier, Robert Forster Jackie Brown
26%
Ryan Reynolds, Salma Hayek The Hitman's Bodyguard
21%
No matching quizzes found
Score Distribution
Percent of People with Each Score
Percentile by Number Answered
Your Score History
You have not taken this quiz